Statistics for Formula One Cars - Lotus

Click here to take the quiz!

General Stats

  • This quiz has been taken 10 times
  • The average score is 31 of 44

Answer Stats

HintAnswer% Correct
195812/16
88%
195916
88%
196016/18
88%
196118/21/1821
88%
196224/25
88%
196325
88%
196425/33
88%
196525/33
88%
196633/43/44
88%
196733/43/49
88%
196849/49B
88%
197472E/76
88%
197677
88%
197778
88%
197878/79
88%
197979/80
88%
198081/81B
88%
198181B/87/88/88B
88%
198287B/91
88%
198392/93T/94T
88%
198799T
75%
1988100T
63%
1989101
63%
1990102
63%
196949B
63%
197049C/72B/72C
63%
197172C/72D
63%
197272D
63%
197372D/72E
63%
197572E
63%
198495T
63%
198597T
63%
198698T
63%
2013E21
63%
1991102B
50%
1992102D/107
50%
1993107B
50%
1994107C/109
50%
2012E20
50%
2014E22
50%
2010T127
50%
2011T128
50%
1995PR02
38%
2015E23 Hybrid
25%

Score Distribution

Percentile by Number Answered

Percent of People with Each Score

Your Score History

You have not taken this quiz